MARC details
| 000 -LEADER |
| campo de control de longitud fija |
02194nam a22002897a 4500 |
| 003 - IDENTIFICADOR DE NÚMERO DE CONTROL |
| campo de control |
BJBSDDR |
| 005 - FECHA Y HORA DE LA ÚLTIMA TRANSACCIÓN |
| campo de control |
20260507105705.0 |
| 007 - CAMPO FIJO DE DESCRIPCIÓN FÍSICA--INFORMACIÓN GENERAL |
| campo de control de longitud fija |
ta |
| 008 - DATOS DE LONGITUD FIJA--INFORMACIÓN GENERAL |
| campo de control de longitud fija |
260219s2011 fr ||||| |||| 00| 0 fre d |
| 020 ## - NÚMERO INTERNACIONAL ESTÁNDAR DEL LIBRO |
| Número Internacional Estándar del Libro |
9782200350123 |
| 020 ## - NÚMERO INTERNACIONAL ESTÁNDAR DEL LIBRO |
| Número Internacional Estándar del Libro |
2200350120 |
| 040 ## - FUENTE DE CATALOGACIÓN |
| Lengua de catalogación |
eng |
| Centro/agencia transcriptor |
BJBSDDR |
| 041 ## - CÓDIGO DE IDIOMA |
| Código de lengua del texto/banda sonora o título independiente |
fre |
| 050 14 - SIGNATURA TOPOGRÁFICA DE LA BIBLIOTECA DEL CONGRESO |
| Número de clasificación |
CB 78 |
| Número de ítem |
B825m 2011 |
| 100 1# - ENTRADA PRINCIPAL--NOMBRE DE PERSONA |
| Nombre de persona |
Braunstein, Jean-François, |
| Fechas asociadas al nombre |
1953- |
| 9 (RLIN) |
47149 |
| 245 10 - MENCIÓN DEL TÍTULO |
| Título |
Manuel de culture générale : |
| Resto del título |
histoire, religions, philosophie, littérature, arts, sciences / |
| Mención de responsabilidad, etc. |
Jean-François Braunstein, Bernard Phan. |
| 250 ## - MENCION DE EDICION |
| Mención de edición |
3e édition revue, actualisée et augmentée |
| 260 ## - PUBLICACIÓN, DISTRIBUCIÓN, ETC. |
| Lugar de publicación, distribución, etc. |
Paris : |
| Nombre del editor, distribuidor, etc. |
Armand Colin Editeur, |
| Fecha de publicación, distribución, etc. |
2011 |
| 300 ## - DESCRIPCIÓN FÍSICA |
| Extensión |
383 pages ; |
| Dimensiones |
25 cm |
| 500 ## - NOTA GENERAL |
| Nota general |
La couv. porte en plus : "épreuve de culture générale et de sciences humaines. Prépas HEC, prépas littéraires, instituts d'études politiques, concours administratifs."<br/> |
| 504 ## - NOTA DE BIBLIOGRAFÍA, ETC. |
| Nota de bibliografía, etc. |
Bibliogr. pages 367-372. Index |
| 520 ## - RESUMEN, ETC. |
| Sumario, etc. |
L'essentiel, tout l'essentiel, rien que l'essentiel. Le " Braunstein / Phan " s'est imposé comme le manuel idéal pour se préparer aux examens et concours de recrutement comportant une épreuve de culture générale. Mis à jour et augmenté, il intègre tout ce qu'il faut avoir retenu des grandes évolutions récentes (sur les religions au XXe siècle, le Proche-Orient, l'Union européenne, le " choc des civilisations ", etc.). Un panorama thématique et chronologique complet de la culture occidentale, suivant un plan simple, à travers six domaines (histoire, religions, philosophie, littérature, arts et sciences) et sept périodes : La Grèce ; Rome et les monothéismes ; Le Moyen Age ; Le XVIIe siècle ou l'âge classique ; Le XVIIIe siècle et les Lumières ; Le XIXe siècle ; Le XXe siècle... à travers 120 entrées construites autour d'un sujet ou d'un auteur : des précisions de terminologie, un exposé général, simple et clair, des documents et indications de prolongements culturels. Des instruments de travail immédiatement exploitables : repères chronologiques, citations, bibliographie, index. |
| 650 #4 - PUNTO DE ACCESO ADICIONAL DE MATERIA--TÉRMINO DE MATERIA |
| Término de materia o nombre geográfico como elemento de entrada |
Civilización |
| Subdivisión general |
Historia |
| 9 (RLIN) |
740 |
| 700 1# - ENTRADA AGREGADA--NOMBRE PERSONAL |
| Nombre de persona |
Phan, Bernard |
| 9 (RLIN) |
48334 |
| 942 ## - ELEMENTOS DE ENTRADA SECUNDARIOS (KOHA) |
| Fuente del sistema de clasificación o colocación |
Clasificación de Library of Congress |
| Tipo de ítem Koha |
Libro |
| 946 ## - PROCESAMIENTO DE INFORMACIÓN LOCAL (OCLC) |
| Iniciales del agente catalogador |
cmc |